00495nam a2200145 i 450000100060000000300090000600500170001500700030003200800410003510000280007624501500010426000400025430000210029485200340031538203ES-MaACL20230906155722.0t|030224s1958 sp ||||1| spa d1 aCalatrava, Teófilo G.10aHabla el mar b: suplemento... en el que se contestan... los temas del "Cuestionario Marítimo del Preuniversitario" / cTeófilo G. Calatrava. aMadrid : bIberoamericanas, c1958. a52 p. ; c21 cm. aES-MaACLj2011-F-15 bR.43820